Online katalóg knižníc regiónu Turca

Pani Hemingwayová (Record no. 21844)

MARC details
000 -LEADER
fixed length control field 02116cam a2200589 4500
001 - CONTROL NUMBER
control field 21844
003 - CONTROL NUMBER IDENTIFIER
control field VRT
005 - DATE AND TIME OF LATEST TRANSACTION
control field 20260311145954.0
008 - FIXED-LENGTH DATA ELEMENTS--GENERAL INFORMATION
fixed length control field 210624s2019 xo erh 000 fbslo
015 ## - NATIONAL BIBLIOGRAPHY NUMBER
National bibliography number SNBA2019/04
020 ## - INTERNATIONAL STANDARD BOOK NUMBER
International Standard Book Number 9788022021081
Qualifying information (viazané)
035 ## - SYSTEM CONTROL NUMBER
System control number 7AC83435-3D43-4F36-A3C9-0D896BEE0FB6
035 ## - SYSTEM CONTROL NUMBER
System control number urn:nbn:sk:snk-am3ie95
035 ## - SYSTEM CONTROL NUMBER
System control number urn:nbn:sk:snk-am00e6pe
039 #9 - LEVEL OF BIBLIOGRAPHIC CONTROL AND CODING DETAIL [OBSOLETE]
Level of rules in bibliographic description 202106241113
Level of effort used to assign nonsubject heading access points VLOAD
Level of effort used to assign subject headings 202102021319
Level of effort used to assign classification VLOAD
Level of effort used to assign subject headings 202102011321
Level of effort used to assign classification VLOAD
Level of effort used to assign subject headings 202011232131
Level of effort used to assign classification AUTHORITY
040 ## - CATALOGING SOURCE
Original cataloging agency TTKJF
Language of cataloging slo
Modifying agency TTKJF
-- SNK
Description conventions rda
041 1# - LANGUAGE CODE
Language code of text/sound track or separate title slo
Language code of original eng
044 ## - COUNTRY OF PUBLISHING/PRODUCING ENTITY CODE
MARC country code xo
ISO country code SK
072 #7 - SUBJECT CATEGORY CODE
Subject category code 821.111(73)-3
Subject category code subdivision Americká próza
Source konspekt
072 #7 - SUBJECT CATEGORY CODE
Subject category code 929
Subject category code subdivision Biografie
Source konspekt
080 ## - UNIVERSAL DECIMAL CLASSIFICATION NUMBER
Universal Decimal Classification number 821.111(73)-051
Edition identifier 2011
080 ## - UNIVERSAL DECIMAL CLASSIFICATION NUMBER
Universal Decimal Classification number 316.472.42
Edition identifier 2011
080 ## - UNIVERSAL DECIMAL CLASSIFICATION NUMBER
Universal Decimal Classification number 821.111(73)-31
Edition identifier 2011
080 ## - UNIVERSAL DECIMAL CLASSIFICATION NUMBER
Universal Decimal Classification number (0:82-312.6)
Edition identifier 2011
100 1# - MAIN ENTRY--PERSONAL NAME
Personal name Wood, Naomi,
Dates associated with a name 1983-
Relationship aut
240 10 - UNIFORM TITLE
Uniform title Mrs Hemingway
Language of a work Slovensky
245 10 - TITLE STATEMENT
Title Pani Hemingwayová
Statement of responsibility, etc. Naomi Woodová ; z anglického originálu Mrs Hemingway ... preložila Alexandra Ruppeldtová
264 #1 - PRODUCTION, PUBLICATION, DISTRIBUTION, MANUFACTURE, AND COPYRIGHT NOTICE
Place of production, publication, distribution, manufacture Bratislava
Name of producer, publisher, distributor, manufacturer Ikar
Date of production, publication, distribution, manufacture, or copyright notice 2019
300 ## - PHYSICAL DESCRIPTION
Extent 264 strán
Dimensions 21 cm
336 ## - CONTENT TYPE
Content type term text
Content type code txt
Source rdacontent
337 ## - MEDIA TYPE
Media type term bez média
Media type code n
Source rdamedia
338 ## - CARRIER TYPE
Carrier type term zväzok
Carrier type code nc
Source rdacarrier
600 17 - SUBJECT ADDED ENTRY--PERSONAL NAME
Personal name Hemingway, Ernest,
Dates associated with a name 1899-1961
Source of heading or term SNKMA
648 #7 - SUBJECT ADDED ENTRY--CHRONOLOGICAL TERM
Chronological term 20. storočie
Source of heading or term SNKPH
648 #7 - SUBJECT ADDED ENTRY--CHRONOLOGICAL TERM
Chronological term 20th century
Source of heading or term SNKPHeng
650 07 - SUBJECT ADDED ENTRY--TOPICAL TERM
Topical term or geographic name entry element americkí spisovatelia
Source of heading or term SNKPH
650 07 - SUBJECT ADDED ENTRY--TOPICAL TERM
Topical term or geographic name entry element manželky spisovateľov
Source of heading or term SNKPH
650 07 - SUBJECT ADDED ENTRY--TOPICAL TERM
Topical term or geographic name entry element partnerské vzťahy
Source of heading or term SNKPH
650 07 - SUBJECT ADDED ENTRY--TOPICAL TERM
Topical term or geographic name entry element American authors
Source of heading or term SNKPHeng
650 07 - SUBJECT ADDED ENTRY--TOPICAL TERM
Topical term or geographic name entry element Partner relationships
Source of heading or term SNKPHeng
655 #7 - INDEX TERM--GENRE/FORM
Genre/form data or focus term americké romány
Source of term SNKPH
655 #7 - INDEX TERM--GENRE/FORM
Genre/form data or focus term autobiografické romány
Source of term SNKPH
655 #7 - INDEX TERM--GENRE/FORM
Genre/form data or focus term American fiction
Source of term SNKPHeng
655 #7 - INDEX TERM--GENRE/FORM
Genre/form data or focus term Autobiographical novels
Source of term SNKPHeng
700 1# - ADDED ENTRY--PERSONAL NAME
Personal name Ruppeldtová, Alexandra,
Dates associated with a name 1954-
Relationship trl
910 ## - USER-OPTION DATA (OCLC)
User-option data snk
942 ## - ADDED ENTRY ELEMENTS (KOHA)
Source of classification or shelving scheme Dewey Decimal Classification
Koha item type Krásna literatúra pre dospelých
Suppress in OPAC No
949 ## - LOCAL PROCESSING INFORMATION (OCLC)
6 270001000600892
a svkbbA 156679
b svkbbm 781864
949 ## - LOCAL PROCESSING INFORMATION (OCLC)
6 17A1359685
a snkSC 183151
b snk2019/5841
o 484/19
s 6100:20190430
949 ## - LOCAL PROCESSING INFORMATION (OCLC)
6 2889344870
a savukPV 27776
b savuk2019/936
949 ## - LOCAL PROCESSING INFORMATION (OCLC)
6 17A1360064
a snkSC 183151 D1
b snk2019/8109
o 484/19
Holdings
Stav vyradenia Strata Poškodenie Spôsob nadobudnutia Domovská knižnica Aktuálna knižnica Dátum nadobudnutia Total checkouts Čiarový kód exemplára Date last seen Typ exemplára
      Kúpa Obecná knižnica Folkušová Obecná knižnica Folkušová 11.03.2026   4734401043 11.03.2026 Krásna literatúra pre dospelých
Projekt je podporený Slovenskou asociáciou knižníc
Prevádzkuje Turčianska knižnica Martin 2026